| Поле | Название | Значение |
| |
Тип записи |
a |
| |
Библиографический уровень |
m |
| 001 |
Контрольный номер |
RU/URAIT/586575 |
| 005 |
Дата корректировки |
20260429163624.0 |
| 008 |
Кодируемые данные |
260429s2026 RU y f j 000 0 rus u |
| 020 |
Индекс ISBN |
__ |
| a |
ISBN |
978-5-534-10403-5 |
| c |
Цена, тираж |
2119.00 |
| 040 |
Источник каталогиз. |
__ |
| a |
Служба первич. каталог. |
ИКО Юрайт |
| c |
Служба, преобразующая запись |
ИКО Юрайт |
| e |
Правила каталог. |
RCR |
| 041 |
Код языка издания |
__ |
| a |
Код языка текста |
rus |
| 044 |
Код страны публикации |
__ |
| a |
Код страны публикации |
RU |
| 080 |
Индекс УДК |
__ |
| a |
Индекс УДК |
351/354(075.8) |
| 084 |
Индекс другой классификации/Индекс ББК |
__ |
| 2 |
Источник индекса |
rubbk |
| a |
Индекс другой классификации/Индекс ББК |
67.401я73 |
| 100 |
Автор |
__ |
| a |
Автор |
Комаровский В. С. |
| q |
Полное имя |
Комаровский Владимир Савельевич |
| 245 |
Заглавие |
__ |
| a |
Заглавие |
Политико-административное управление |
| b |
Продолж. заглавия |
учебник для вузов |
| c |
Ответственность |
В. С. Комаровский [и др.] ; под редакцией В. С. Комаровского, Л. В. Сморгунова. |
| 250 |
Сведения об издании |
__ |
| g |
|
пер. и доп |
| a |
Основные сведения об издании |
2-е изд. |
| 256 |
Характеристики компьютерного файла |
__ |
| a |
Характеристики компьютерного файла |
Электрон. дан. |
| 260 |
Выходные данные |
__ |
| a |
Место издания |
Москва |
| b |
Издательство |
Юрайт |
| c |
Дата издания |
2026 |
| 300 |
Физическое описание |
__ |
| a |
Объем |
407 с |
| 440 |
Серия |
__ |
| a |
Серия |
Высшее образование |
| 500 |
Примечания |
__ |
| a |
Примечание |
URL: https://urait.ru/bcode/586575 (дата обращения: 29.04.2026). |
| 520 |
Аннотация |
__ |
| a |
Аннотация |
В настоящем учебнике рассмотрены основные теоретические подходы, модели и институты политико-административного управления. Приводится сравнительный анализ проблем политико-административного управления в странах Запада и Восточной Европы. Подробно анализируется специфика политико-административного управления в России. Рассматриваются современные технологии и механизмы управления. В конце каждого параграфа приведены контрольные вопросы и задания, которые помогут студенту проверить усвоение материала, а списки рекомендуемой литературы позволят глубже изучить ту или иную тему. |
| 538 |
Прим. о системных особенностях |
__ |
| a |
Прим. о системных особенностях |
Режим доступа: Электронно-библиотечная система Юрайт, для авториз. пользователей |
| 653 |
Ключевые слова |
__ |
| a |
Ключевые слова |
Политология. Обществознание |
| 653 |
Ключевые слова |
__ |
| a |
Ключевые слова |
Общественные науки |
| 653 |
Ключевые слова |
__ |
| a |
Ключевые слова |
Политико-административное управление |
| 653 |
Ключевые слова |
__ |
| a |
Ключевые слова |
Государственное управление общественными отношениями |
| 700 |
Другие авторы |
__ |
| a |
Другие авторы |
Сморгунов Л. В. |
| q |
Полное имя |
Сморгунов Леонид Владимирович |
| 700 |
Другие авторы |
__ |
| a |
Другие авторы |
Ачкасов В. А. |
| q |
Полное имя |
Ачкасов Валерий Алексеевич |
| 700 |
Другие авторы |
__ |
| a |
Другие авторы |
Волкова А. В. |
| q |
Полное имя |
Волкова Анна Владимировна |
| 700 |
Другие авторы |
__ |
| a |
Другие авторы |
Гаман-Голутвина О. В. |
| q |
Полное имя |
Гаман-Голутвина Оксана Викторовна |
| 700 |
Другие авторы |
__ |
| a |
Другие авторы |
Грибанова Г. И. |
| q |
Полное имя |
Грибанова Галина Исааковна |
| 700 |
Другие авторы |
__ |
| a |
Другие авторы |
Зотова З. М. |
| q |
Полное имя |
Зотова Зоя Михайловна |
| 700 |
Другие авторы |
__ |
| a |
Другие авторы |
Курочкин А. В. |
| q |
Полное имя |
Курочкин Александр Вячеславович |
| 700 |
Другие авторы |
__ |
| a |
Другие авторы |
Матвеенко Ю. И. |
| q |
Полное имя |
Матвеенко Юрий Иванович |
| 700 |
Другие авторы |
__ |
| a |
Другие авторы |
Михеев В. А. |
| q |
Полное имя |
Михеев Валентин Александрович |
| 700 |
Другие авторы |
__ |
| a |
Другие авторы |
Морозова Е. Г. |
| q |
Полное имя |
Морозова Елена Георгиевна |
| 700 |
Другие авторы |
__ |
| a |
Другие авторы |
Павлютенкова М. Ю. |
| q |
Полное имя |
Павлютенкова Марианна Юрьевна |
| 700 |
Другие авторы |
__ |
| a |
Другие авторы |
Попова О. В. |
| q |
Полное имя |
Попова Ольга Валентиновна |
| 700 |
Другие авторы |
__ |
| a |
Другие авторы |
Сергеева С. Л. |
| q |
Полное имя |
Сергеева Светлана Леонидовна |
| 700 |
Другие авторы |
__ |
| a |
Другие авторы |
Стребков А. И. |
| q |
Полное имя |
Стребков Александр Иванович |
| 700 |
Другие авторы |
__ |
| a |
Другие авторы |
Сухомлинова Т. П. |
| q |
Полное имя |
Сухомлинова Татьяна Павловна |
| 700 |
Другие авторы |
__ |
| a |
Другие авторы |
Тимофеева Л. Н. |
| q |
Полное имя |
Тимофеева Лидия Николаевна |
| 700 |
Другие авторы |
__ |
| a |
Другие авторы |
Фалина А. С. |
| q |
Полное имя |
Фалина Алла Семеновна |
| 700 |
Другие авторы |
__ |
| a |
Другие авторы |
Елисеев С. М. |
| q |
Полное имя |
Елисеев Сергей Михайлович |
| 700 |
Другие авторы |
__ |
| a |
Другие авторы |
Анохин М. Г. |
| q |
Полное имя |
Анохин Михаил Григорьевич |
| 700 |
Другие авторы |
__ |
| a |
Другие авторы |
Быков А. П. |
| q |
Полное имя |
Быков Анатолий Петрович |
| 856 |
Электронный адрес документа |
40 |
| n |
Местонахождение сервера |
Юрайт |
| g |
|
Электронная книга |
| q |
Тип электронного формата |
html |
| h |
Имя пользователя |
ЮРАЙТ |
| v |
Часы доступа к ресурсу |
20271231 |
| 2 |
Способ доступа |
Показать документ |
| x |
Служебное примечание |
https://urait.ru/book/cover/5C18064A-E0E3-4AFF-8059-182C969D4FFA |
| u |
URL |
https://urait.ru/bcode/586575 |
| 856 |
Электронный адрес документа |
48 |
| q |
Тип электронного формата |
cover |
| u |
URL |
https://urait.ru/book/cover/5C18064A-E0E3-4AFF-8059-182C969D4FFA |
| 911 |
|
__ |
| u |
|
0030=https://urait.ru/bcode/586575 |
| 911 |
|
__ |
| u |
|
073a=9785534104035 |
| u |
|
073d=2119.00 |
| 911 |
|
__ |
| u |
|
106a=s |
| 911 |
|
__ |
| u |
|
900l= |
| 952 |
Тип литературы |
__ |
| i |
Дисциплина |
Политико-административное управление |
| 952 |
Тип литературы |
__ |
| i |
Дисциплина |
Государственное управление общественными отношениями |